Thurrock BC v SOS Environment, Transport and the Regions (Record no. 65911)

MARC details
000 -LEADER
fixed length control field 00866cam a2200181 4500
001 - CONTROL NUMBER
control field WB3704-22
008 - FIXED-LENGTH DATA ELEMENTS--GENERAL INFORMATION
fixed length control field 000000n2001 000 0 eng u
035 ## - SYSTEM CONTROL NUMBER
System control number (Sirsi) u110571
245 ## - TITLE STATEMENT
Title Thurrock BC v SOS Environment, Transport and the Regions
260 ## - PUBLICATION, DISTRIBUTION, ETC.
Date of publication, distribution, etc. 2001
490 ## - SERIES STATEMENT
Series statement Estates Gazette Case Summaries
Volume/sequential designation [2001] EGCS 3 (20/01/01)
520 ## - SUMMARY, ETC.
Summary, etc. CA 13 December 2001. Raised a point of general importance in relation to amendment of claims made in the Civil Procedure Rules. The inspector allowed appeals against an enforcment notice; T erroneously sought leave to appeal under wrong statutory provision and applied for leave to amend the form. Leave was granted. Appeal dismissed.
590 ## - LOCAL NOTE (RLIN)
Local note WB
650 ## - SUBJECT ADDED ENTRY--TOPICAL TERM
Topical term or geographic name entry element CIVIL PROCEDURE RULES
650 ## - SUBJECT ADDED ENTRY--TOPICAL TERM
Topical term or geographic name entry element PLANNING PROCEDURE
690 ## - LOCAL SUBJECT ADDED ENTRY--TOPICAL TERM (OCLC, RLIN)
Topical term or geographic name as entry element ENVIRONMENTAL AND LAND CONSULTANCY-PLANNING AND DEVELOPMENT
942 ## - ADDED ENTRY ELEMENTS (KOHA)
Suppress in OPAC 0
Holdings
Withdrawn status Lost status Source of classification or shelving scheme Damaged status Not for loan Home library Current library Shelving location Date acquired Total Checkouts Full call number Barcode Date last seen Copy number Price effective from Koha item type
    Dewey Decimal Classification     London London News article 25/01/2001   WB3704-22 110571-1001 06/08/2019 1 06/08/2019 News article